000 00494nam a2200169Ia 4500
003 GCL
008 140319s9999 xx 000 0 ara d
040 _aGCL /
_cGCL
082 0 4 _aد
_b050
100 1 _aصبحى مصطفى المصرى
245 1 0 _aالفئران ومقاومتها ( اقرا 552 ) /
_cصبحى مصطفى المصرى
300 _a147 ص
490 _aوثائق ونصوص
_v0
650 0 4 _aالفئران
650 0 4 _aالفئران - مقاومة
942 _2ddc
_cCF
999 _c27220
_d27220